000 00568cam a22002291 4500
001 sa 68003093
003 DLC
005 20260227112449.0
008 941108s1967 ii h 000 0 gujo
010 _asa 68003093
025 _aPL480:I-Gu-1026
035 _a(OCoLC)31426058
040 _aDLC
_cCU
_dCU
_dDLC
042 _apremarc
050 0 0 _aPK1856
_b.S27
245 0 0 _aSalība para latakato mānavī.
260 _c[1967]
300 _a26, 108 p.
_bfacsim.
_c17 cm.
500 _aIn Gujarati.
650 0 _aGujarati poetry.
700 1 _aRelwnani, Jayant.
999 _c79227
_d79227